Selected chemical characteristics and acute toxicity of urban stormwater, streamflow, and bed material, Maricopa County, Arizona.

Bibliographic Details
Main Author: Lopes, Thomas J.
Corporate Authors: Arizona. Department of Environmental Quality, Geological Survey (U.S.)
Format: Government Document Book
Language:English
Published: Tucson, Ariz. : U.S. Dept. of the Interior, U.S. Geological Survey ; 1995.
Series:Water-resources investigations report ; 95-4074.
Subjects:

MARC

Tag First Indicator Second Indicator Subfields
LEADER 00000cam a2200000 a 4500
001 in00001252921
005 20151003084357.0
008 950810s1995 azuab b f000 0 eng d
010 |a gp 95081338  
035 |a (OCoLC)32948293 
035 |9 AGU9564AM 
040 |a GPO  |c GPO  |d DLC  |d UtOrBLW 
040 |d MvI 
043 |a n-us-az 
074 |a 0624-B 
086 0 |a I 19.42/4:95-4074 
100 1 |a Lopes, Thomas J. 
245 1 0 |a Selected chemical characteristics and acute toxicity of urban stormwater, streamflow, and bed material, Maricopa County, Arizona. 
264 1 |a Tucson, Ariz. :  |b U.S. Dept. of the Interior, U.S. Geological Survey ;  |c 1995. 
264 2 |a Denver, CO :  |b Earth Science Information Center, Open-File Reports Section [distributor], 
300 |a v, 52 pages :  |b illustrations, map ;  |c 28 cm. 
336 |a text  |b txt  |2 rdacontent 
337 |a unmediated  |b n  |2 rdamedia 
338 |a volume  |b nc  |2 rdacarrier 
490 1 |a Water-resources investigations report ;  |v 95-4074 
500 |a Shipping list number: 95-0253-P. 
504 |a Includes bibliographical references (pages 35-36). 
650 0 |a Toxicological chemistry  |x Environmental aspects  |z Arizona  |z Maricopa County. 
650 0 |a Water quality  |z Arizona  |z Maricopa County. 
650 0 |a Urban runoff  |z Arizona  |z Maricopa County. 
650 0 |a Streamflow  |z Arizona  |z Maricopa County. 
710 1 |a Arizona.  |b Department of Environmental Quality. 
710 2 |a Geological Survey (U.S.) 
830 0 |a Water-resources investigations report ;  |v 95-4074. 
999 |a MARS 
999 f f |s 19a09b91-5c5e-3476-b83c-9203174f5994  |i 6f44bc23-9abe-3305-b3b4-3e09ee1f8518  |t 0 
952 f f |p normal  |a Texas A&M University  |b College Station  |c Sterling C. Evans Library  |d Evans: US Documents (Annex 5th floor)  |t 0  |e I 19.42/4:95-4074  |h Superintendent of Documents classification  |i unmediated -- volume  |m A14839010136 
998 f f |a I 19.42/4:95-4074  |t 0  |l Evans: US Documents (Annex 5th floor)